000
00325nam a22001457a 4500
003
OSt
005
20160727222346.0
008
160621b xxu||||| |||| 00| 0 eng d
040
_c
TEST
100
_9
243
_a
Webster, D
245
_a
Brain Boosters
260
_a
G.B Pan Books
_c
1965
300
_a
Brain Boosters
942
_2
ddc
_c
BK
999
_c
194
_d
194